000 00579nam a2200241Ia 4500
008 160716s9999||||xx |||||||||||||| ||und||
040 _cEnglish
082 _aXV.E/Hexley
082 _bBORI-81795
245 _aReligion Without Revelation
260 _aLondon
260 _bJulain Huxley
300 _aviii+118
300 _cA
300 _eHardbound
530 _u00081795.pdf
563 _areference
630 _aReligion Without Revelation
650 _aCollected Works
650 _aReference
730 _aReligion Without Revelation
942 _cBOOK
999 _c1398700
_d1398697